| 000 | 00686cam a22002291 4500 | ||
|---|---|---|---|
| 001 | sa 66006523 | ||
| 003 | DLC | ||
| 005 | 20260227112257.0 | ||
| 008 | 720724s1966 ii 000 0 eng | ||
| 010 | _asa 66006523 | ||
| 035 | _a(OCoLC)362683 | ||
| 040 |
_aDLC _cOAU _dOCoLC _dDLC |
||
| 042 | _apremarc | ||
| 050 | 0 | 0 |
_aHC435 _b.F63 |
| 082 | _a330.954 | ||
| 110 | 2 | _aForum of Free Enterprise. | |
| 245 | 1 | 0 |
_aPlanning in India; _ba commentary. A collection of Forum of Free Enterprise publications, _cedited by M. R. Pai, secretary. |
| 260 |
_aBombay, _bPopular Prakashan _c[1966] |
||
| 300 |
_a234 p. _c23 cm. |
||
| 651 | 0 |
_aIndia _xEconomic policy. |
|
| 700 | 1 |
_aPai, M. R., _eed. |
|
| 999 |
_c70563 _d70563 |
||